000 00465nam a22001817a 4500
003 CEME
005 20210628203255.0
008 210125b xxu||||| |||| 00| 0 eng d
020 _a9781420070477
040 _c.
082 _a670.42 SIN
100 _aSingh, D.K
_9846
245 _aFundamentals of manufacturing engineering
260 _aNOIDA
_bANE BOOKS INDIA
_c2008
300 _aXXX,527P
650 _aMANUFACTURING ENGINEERING.
_964441
942 _cBK
_2ddc
999 _c572926
_d572926